000 00237nam a22000977a 4500
008 160506b xxu||||| |||| 00| 0 eng d
041 _aeng
080 _a61
245 _aPublic health:
_cAmerican oublic health association;
942 _2udc
_cBK
999 _c1871
_d1871